UC San Diego Alumni - Statistics

General Stats
  • This quiz has been taken 5 times
  • The average score is 4 of 8
Answer Stats
Hint Answer % Correct
Afghan-American novelist, "The Kite Runner" Khaled Hosseini
80%
Creator of "Beavis and Butt-Head" and co-creator of "Silicon Valley" and "King of the Hill" Mike Judge
80%
Actor, "Sicario" "Traffic" "21 Grams" "The Usual Suspects" Benicio del Toro
60%
GM of the Oakland Athletics from 1997 to 2016, now minority owner of the Oakland A's, Barnsley FC and AZ Alkmaar, he is portrayed by Brad Pitt in "Moneyball" Billy Beane
60%
Novelist, "The Martian" "Project Hail Mary" Andy Weir
40%
Comedian and actor, "Silicon Valley" "Space Force" "Love Hard" Jimmy O. Yang
40%
Founder of GoPro Nick Woodman
40%
Owner of the Memphis Grizzlies Robert Pera
40%
No matching quizzes found
Score Distribution
Percent of People with Each Score
Percentile by Number Answered
Your Score History
You have not taken this quiz